Lizard Families - Anguidae - Statistics

General Stats
  • This quiz has been taken 13 times
  • The average score is 5 of 73
Answer Stats
Family Subfamily Genus Species Common name % Correct
Anguidae Gerrhonotinae Abronia graminea Mexican alligator lizard
100%
Anguidae Anguinae Pseudopus apodus Sheltopusik
67%
Anguidae Anguinae Anguis fragilis Common slowworm
33%
Anguidae Gerrhonotinae Abronia viridiflava Dwarf alligator lizard
33%
Anguidae Anguinae Anguis graeca Greek slowworm
33%
Anguidae Anguinae Anguis veronensis Italian slowworm
33%
Anguidae Anguinae Hyalosaurus koellikeri Koelliker's glass lizard
33%
Anguidae Gerrhonotinae Elgaria kingii Madrean alligator lizard
33%
Anguidae Gerrhonotinae Abronia moreletii Morelet's alligator lizard
33%
Anguidae Gerrhonotinae Elgaria coerulea Northern alligator lizard
33%
Anguidae Gerrhonotinae Barisia planifrons Oaxaca alligator lizard
33%
Anguidae Gerrhonotinae Abronia oaxacae Oaxacan arboreal alligator lizard
33%
Anguidae Gerrhonotinae Elgaria multicarinata Southern alligator lizard
33%
Anguidae Gerrhonotinae Abronia anzuetoi Anzueto's arboreal alligator lizard
0%
Anguidae Gerrhonotinae Abronia taeniata Banded arboreal alligator lizard
0%
Anguidae Gerrhonotinae Abronia vasconcelosii Bocourt's arboreal alligator lizard
0%
Anguidae Gerrhonotinae Abronia bogerti Bogert's arboreal alligator lizard
0%
Anguidae Gerrhonotinae Abronia gaiophantasma Brilliant arboreal alligator lizard
0%
Anguidae Anguinae Dopasia buettikoferi Buettikofer's glass lizard
0%
Anguidae Anguinae Dopasia gracilis Burmese glass lizard
0%
Anguidae Gerrhonotinae Abronia campbelli Campbells' alligator lizard
0%
Anguidae Gerrhonotinae Elgaria cedrosensis Cedros Island alligator lizard
0%
Anguidae Gerrhonotinae Elgaria velazquezi Central peninsular alligator lizard
0%
Anguidae Anguinae Ophisaurus ceroni Ceron's glass lizard
0%
Anguidae Gerrhonotinae Barisia levicollis Chihuahuan alligator lizard
0%
Anguidae Gerrhonotinae Abronia chizsari Chizsar's arboreal alligator lizard
0%
Anguidae Gerrhonotinae Abronia aurita Cope's arboreal alligator lizard
0%
Anguidae Gerrhonotinae Abronia cuchumatanus Cuchumatanes alligator lizard
0%
Anguidae Gerrhonotinae Abronia deppii Deppe's arboreal alligator lizard
0%
Anguidae Anguinae Ophisaurus ventralis Eastern glass lizard
0%
Anguidae Anguinae Anguis colchica Eastern slowworm
0%
Anguidae Gerrhonotinae Gerrhonotus farri Farr's alligator lizard
0%
Anguidae Gerrhonotinae Abronia frosti Frost's arboreal alligator lizard
0%
Anguidae Gerrhonotinae Abronia gadovii Gadow's alligator lizard
0%
Anguidae Anguinae Dopasia hainanensis Hainan glass lizard
0%
Anguidae Anguinae Dopasia harti Hart's glass lizard
0%
Anguidae Gerrhonotinae Barisia herrerae Herrera's alligator lizard
0%
Anguidae Gerrhonotinae Barisia jonesi Imbricate alligator lizard
0%
Anguidae Anguinae Ophisaurus compressus Island glass lizard
0%
Anguidae Gerrhonotinae Gerrhonotus rhombifer Isthmian alligator lizard
0%
Anguidae Anguinae Dopasia ludovici Ludovic's glass lizard
0%
Anguidae Gerrhonotinae Gerrhonotus lugoi Lugo's alligator lizard
0%
Anguidae Gerrhonotinae Abronia martindelcampoi Martín del Campo's arboreal alligator lizard
0%
Anguidae Gerrhonotinae Abronia matudai Matuda's arboreal alligator lizard
0%
Anguidae Anguinae Ophisaurus mimicus Mimic glass lizard
0%
Anguidae Gerrhonotinae Abronia mitchelli Mitchell's arboreal alligator lizard
0%
Anguidae Gerrhonotinae Abronia mixteca Mixtecan arboreal alligator lizard
0%
Anguidae Gerrhonotinae Abronia montecristoi Monte Cristo arboreal alligator lizard
0%
Anguidae Gerrhonotinae Abronia antauges Mount Orizaba alligator lizard
0%
Anguidae Gerrhonotinae Abronia fuscolabialis Mount Zempoaltepec arboreal alligator lizard
0%
Anguidae Gerrhonotinae Abronia ochoterenai Ochoterena's arboreal alligator lizard
0%
Anguidae Gerrhonotinae Abronia ornelasi Ornela's arboreal alligator lizard
0%
Anguidae Gerrhonotinae Elgaria panamintina Panamint alligator lizard
0%
Anguidae Anguinae Anguis cephanollica Peloponnese slowworm
0%
Anguidae Anguinae Ophisaurus incomptus Plainneck glass lizard
0%
Anguidae Gerrhonotinae Gerrhonotus parvus Pygmy alligator lizard
0%
Anguidae Gerrhonotinae Abronia ramirezi Ramirez's alligator lizard
0%
Anguidae Gerrhonotinae Abronia lythrochila Red-lipped arboreal alligator lizard
0%
Anguidae Gerrhonotinae Abronia reidi Reid's arboreal alligator lizard
0%
Anguidae Gerrhonotinae Barisia rudicollis Rough-necked alligator lizard
0%
Anguidae Gerrhonotinae Abronia salvadorensis Salvador arboreal alligator lizard
0%
Anguidae Gerrhonotinae Elgaria paucicarinata San Lucan alligator lizard
0%
Anguidae Gerrhonotinae Barisia ciliaris Sierra alligator lizard
0%
Anguidae Gerrhonotinae Abronia juarezi Sierra Juarez alligator lizard
0%
Anguidae Gerrhonotinae Abronia morenica Sierra Morena arboreal alligator lizard
0%
Anguidae Anguinae Ophisaurus attenuatus Slender glass lizard
0%
Anguidae Gerrhonotinae Abronia smithi Smith's arboreal alligator lizard
0%
Anguidae Gerrhonotinae Abronia leurolepis Smoothback arboreal alligator lizard
0%
Anguidae Anguinae Dopasia sokolovi Sokolov's glass lizard
0%
Anguidae Gerrhonotinae Gerrhonotus infernalis Texas alligator lizard
0%
Anguidae Gerrhonotinae Gerrhonotus liocephalus Texas alligator lizard
0%
Anguidae Gerrhonotinae Barisia imbricata Transvolcanic alligator lizard
0%
Anguidae Anguinae Dopasia wegneri Wegner's glass lizard
0%
No matching quizzes found
Score Distribution
Percent of People with Each Score
Percentile by Number Answered
Your Score History
You have not taken this quiz